Эпидемиология сердечно-сосудистых заболеваний: роль психосоциального стресса: монография

书目详细资料
其他作者: Гафаров В. В. Валерий Васильевич (редактор), Громова Е. А. Елена Алексеевна, Максимов В. Н. Владимир Николаевич, Гагулин И. В. Игорь Вячеславович, Гафарова А. В. Альмира Валерьевна, Акимова Е. В.
总结:Монография посвящена проблеме дифференциации сердечно-сосудистого здоровья населения в зависимости от психосоциальных факторов, действующих в течение длительного периода времени на популяционном уровне. Предпринята попытка раскрыть новые закономерности не только медицинских, но и сущностных причин заболеваемости и смертности населения в России.Показано, что истоки сердечно-сосудистых заболеваний напрямую связаны с деформациями современного образа жизни человека. Обнаружена генетическая детерминированность психосоциальных факторов риска сердечно-сосудистых заболеваний. Книга предназначена для студентов психологических, биологических и медицинских факультетов, психологов, психотерапевтов, невропатологов, психиатров, представителей органов власти, специалистов в области здраво­охранения.
语言:俄语
出版: Новосибирск, Наука, 2020
主题:
格式: 图书
KOHA link:https://koha.lib.tpu.ru/cgi-bin/koha/opac-detail.pl?biblionumber=346229

MARC

LEADER 00000nam0a2200000 4500
001 346229
005 20231102005849.0
010 |a 9785020388307 
035 |a (RuTPU)RU\TPU\book\378109 
090 |a 346229 
100 |a 20210727d2020 k y0rusy50 ca 
101 0 |a rus 
102 |a RU 
105 |a a z 001zy 
200 1 |a Эпидемиология сердечно-сосудистых заболеваний: роль психосоциального стресса  |e монография  |f В. В. Гафаров, Е. А. Громова, В. Н. Максимов [и др.]  |g науч. ред. Е. В. Акимова 
210 |a Новосибирск  |c Наука  |d 2020 
215 |a 168 с.  |c ил. 
320 |a Библиогр.: с. 142-167 
330 |a Монография посвящена проблеме дифференциации сердечно-сосудистого здоровья населения в зависимости от психосоциальных факторов, действующих в течение длительного периода времени на популяционном уровне. Предпринята попытка раскрыть новые закономерности не только медицинских, но и сущностных причин заболеваемости и смертности населения в России.Показано, что истоки сердечно-сосудистых заболеваний напрямую связаны с деформациями современного образа жизни человека. Обнаружена генетическая детерминированность психосоциальных факторов риска сердечно-сосудистых заболеваний. Книга предназначена для студентов психологических, биологических и медицинских факультетов, психологов, психотерапевтов, невропатологов, психиатров, представителей органов власти, специалистов в области здраво­охранения. 
606 1 |a Сердечно-сосудистые болезни  |x Профилактика и борьба  |2 stltpush  |3 (RuTPU)RU\TPU\subj\54662  |9 72773 
606 1 |a Стресс  |x Психология  |2 stltpush  |3 (RuTPU)RU\TPU\subj\57217  |9 75080 
610 1 |a исследование 
610 1 |a здоровье 
610 1 |a самооценка 
610 1 |a психосоциальные факторы 
610 1 |a риск 
610 1 |a артериальная гипертензия 
610 1 |a инфаркт миокарда 
610 1 |a инсульт 
610 1 |a генетическая детерминированность 
675 |a 616.1  |v 4 
686 |a Ю935.2  |v LBC/SL-A  |2 rubbk 
701 1 |a Гафаров  |b В. В.  |g Валерий Васильевич 
701 1 |a Громова  |b Е. А.  |g Елена Алексеевна 
701 1 |a Максимов  |b В. Н.  |g Владимир Николаевич 
701 1 |a Гагулин  |b И. В.  |g Игорь Вячеславович 
701 1 |a Гафарова  |b А. В.  |g Альмира Валерьевна 
702 1 |a Акимова  |b Е. В.  |4 340 
801 1 |a RU  |b 63413507  |c 20210727 
801 2 |a RU  |b 63413507  |c 20210910  |g RCR 
942 |c BK